| 000 | 00542nam a22001817a 4500 | ||
|---|---|---|---|
| 005 | 20251108175113.0 | ||
| 008 | 250721s2012 xx 000 0 ara d | ||
| 082 | 1 | 4 | _a811.9563/ياس |
| 100 | 1 | _aالياسري، عيسى حسن | |
| 245 | 1 | 0 |
_aالسلام عليك يامريم : _bشعر / |
| 264 | 1 |
_aعمان : _bفضاءات للنشر والتوزيع، _c2012. |
|
| 300 | _a186ص. | ||
| 650 | 1 | 7 | _aالشعر العربي |
| 650 | 1 | 7 | _aالعصر الحديث |
| 650 | 1 | 7 | _aالعراق |
| 942 |
_2ddc _cBK |
||
| 999 |
_c126228 _d126228 |
||